| 000 | 01052nam a22002655i 4500 | ||
|---|---|---|---|
| 999 |
_c28880 _d28851 |
||
| 003 | EG-ScBUE | ||
| 005 | 20201001112125.0 | ||
| 008 | 200219t20072007ii a f b 001 0 eng d | ||
| 020 | _a9788131209851 | ||
| 040 |
_aEG-ScBUE _beng _erda _cEG-ScBUE _dEG-ScBUE |
||
| 082 | 0 | 4 |
_a553.409544 _bHAL _222 |
| 100 | 1 |
_aHaldar, S. K., _eauthor. _938732 |
|
| 245 | 1 | 0 |
_aExploration modeling of base metal deposits / _cDr. S. K. Haldar, Emeritus Scientist, Department of Geology, Presidency College, Kolkata, Former Chief Manager - Geology, Hindustan Zinc Ltd, Udaipur. |
| 264 | 1 |
_aNew Delhi : _bEl Sevier / Reed El sevier India Private Limited, _c[2007] |
|
| 264 | 4 | _cc2007 | |
| 300 |
_axv, 227 pages : _billustrations ; _c24 cm |
||
| 336 |
_atext _btxt _2rdacontent |
||
| 337 |
_aunmediated _bn _2rdamedia |
||
| 338 |
_avolume _bnc _2rdacarrier |
||
| 504 | _aIncludes bibliographical references and index. | ||
| 650 | 7 |
_aOre deposits _zIndia _zRajasthan. _2BUEsh |
|
| 650 | 7 |
_aGeological modeling. _2BUEsh _94422 |
|
| 653 |
_bENGPET _cSeptember2020 |
||
| 942 |
_2ddc _cBB |
||